AP Brainrot Exam - Statistics

General Stats
  • This quiz has been taken 1,397 times
    216 since last reset
  • The average score is 72 of 146
Answer Stats
Hint Answer % Correct
A term for charisma Rizz
98%
Heads that come out of toilets Skibidi Toilet
93%
When you stop right before you are finished Edging
90%
Another way to say butt Gyatt
90%
A technique in which the tongue is placed on the roof of the mouth Mewing
89%
Let him ____ Cook
88%
Singer and Rapper who leaked a video of him swinging meat Drake
88%
The most dominant and powerful male of a group Alpha
86%
what is it called when you improve your looks? Looksmaxxing
86%
Sussy ____ Baka
85%
Youtuber/streamer who is a huge fan of Ronaldo and is friends with the man above Ishowspeed
85%
The purple McDonalds drink Grimace shake
82%
You can have positive aura or _______ _____ Negative Aura
82%
Murder Mystery style game popularized in 2020 Among us
80%
The energy that surrounds you Aura
80%
Famous singer and Rapper who is a p3do Diddy
80%
Youtuber and philanthropist known for doing challenges and giving away money MrBeast
80%
Famous Battle Royale video game Fortnite
79%
The most intense level of Edging Gooning
79%
Youtuber famous for finding something in the Japanese woods, creating Prime, and Lunchly Logan Paul
79%
Famous African American streamer who is also short Kai Cenat
78%
The lone wolf Sigma
78%
A pig that frequently calls you John Pork
77%
Nigerian Youtuber who is part of the Sidemen, and created Prime and Lunchly KSI
77%
Another word for an enemy Opp
77%
A man who is perceived to be weak, mild-mannered, and unimpressive Beta
76%
Another way to call someone suspicious Sus
76%
a boxer, and brother of the man above Jake Paul
75%
NBA Athlete commonly associated with "You are my sunshine" Lebron James
75%
Those who don't know vs _____________________ Those who know
75%
Another way to say somebody is lying Cap
73%
Stealing someone's food Fanum Tax
73%
Famous drink created by 2 famous youtubers Prime
71%
Spongebob but freaky Freakbob
70%
The act of looking superior to the person next to you. Mogging
70%
You gotta give 'em that ____ _____ Spit on that thang Hawk Tuah
68%
Slang for uncle Unc
68%
Football prodigy who rizzed up Livvy Dunne Baby Gronk
67%
The largest human being Caseoh
67%
The generation after Gen Z Gen Alpha
67%
Ain't no way we got this before ______ GTA 6
67%
A fruit commonly associated with phonk music Mango
67%
Who created this meme above? Ninja
67%
Food product made to compete with Lunchables Lunchly
66%
A phrase used by sigmas when they are confused What the Sigma
66%
The most massive meme of 2024 Low taper fade
65%
The person with the greatest rizz of all time The Rizzler
64%
Coffee spelt backwards is? Eeffoc
63%
A term used to focus on a goal or other, Ex: you need to ____ __ Lock In
62%
Talking too much about nonsense Yapping
62%
What number has gone viral online along with mangos? 67
61%
The place where crazy and wild things are said to happen Ohio
61%
Sound effect made by the costo guys Boom
60%
Giving someone an extreme amount of compliments to the point where it becomes this Glazing
60%
Kumalala Kumalala Kumala _________ Savesta
60%
What condiment did Kendrick Lamar yell? Mustard
59%
Viral Party where a kanye west song was played Tiktok Rizz Party
59%
The greatest version of a chad Gigachad
57%
Famous song by KSI Thick Of It
57%
Another word for a hot dog glizzy
55%
Wooden bat holding a bat Tung Tung Tung Sahur
55%
The song that played at the party Carnival
54%
The music genre usually paired with sigma edits Phonk
54%
abbreviation for shut your _____ ___ __ sybau
53%
Famous gymnast who baby gronk rizzed Livvy Dunne
52%
Rapper notorious for his Huge albums insane fortnite event Travis Scott
52%
Phrase said by Chinese John Cena Bing Chilling
51%
Slang term for Women Huzz
50%
Enemies of the Skibidi Toilets Cameramen
49%
The son of the man above Big Justice
48%
1, 2, _____ __ ____ Buckle My Shoe
48%
Just a chill guy who doesn't really care My new character
48%
A term for the slop that this Exam itself is Brainrot
47%
Method used to lengthen ones meat Jelqing
47%
A videogame with lego-like characters Roblox
47%
Shark with blue shoes Tralalero Tralala
47%
Famous line that Logan Paul said when reviewing Lunchly I like my cheese drippy bruh
46%
Famous Sigma from the movie: American Psycho Patrick Bateman
46%
Former wrestler and THE Costco Guy AJ
45%
What did player 456 exclaim in Squid Game season 2 I've played these games before!
45%
Family-friendly fortnite streamer Nick eh 30
45%
Who killed John Pork? Tim Cheese
45%
A period where you use the coldest time of the year to focus on a goal Winter Arc
45%
The phrase used to make someone freeze English or Spanish
44%
Did you ____ today? Pray
44%
Brain rot version of the Joker Jonkler
43%
A substance that has brain-eating amoeba usually found in abandoned places Still Water
42%
Turkish member of the party Turkish Quandale Dingle
42%
Ballerina Coffee Ballerina Cappuccina
41%
Somebody who lack emotions, feelings, and is boring NPC
41%
A term for a young wannabe thug YN
41%
Who explains the friend group Adrian
39%
Who is the leader of the party above? Blue Tie Kid
39%
Eagles fan and youtuber who was caught trying to meet up with a kid EDP445
39%
The man that appears when the song Whistle by Flo Rida plays Josh Hutcherson
39%
That feeling when ________________________ Knee Surgery is Tomorrow
39%
popular streamer known for the "let him cook" meme Vexbolts
38%
Famous song by the rapper above Fein
37%
Slang term for Bros Bruzz
36%
Name of the man seen at a basketball game who had a tuff nod Chopped Chin
36%
DJ and Music producer Hint: bring out the whole ocean DJ Khaled
36%
To do something wild, crazy, dangerous, and reckless from anger. Hint: 808 Crash Out
35%
The car names after a rapper that appears when someone says "Lets go" Dababy Car
35%
Animal that is associated with the song "we live we love we lie" Smurf Cat
35%
A French streamer known for doing the thing above and being unintelligible XQC
34%
Twitch streamer known for playing Rainbow 6 Siege Jynxzi
33%
Famous youtuber/streamer known for GTA V, and streaming on Kick Adin Ross
32%
Famous African american autistic kid known for stimming Darius
32%
What is the name of the main with one standing piece of hair and one eye? Eye of Rah
32%
What does the Red Larva sing? Oi Oi Oi
32%
Another word for bro Blud
30%
A meme face commonly associated with "those who know" Troll Face
30%
Walking dance move made by Allen Davis Griddy
29%
"I bought a ________ __ _____" Property in egypt
29%
A term used for somebody who is quite flamboyant Zesty
28%
Crocodile-plane hybrid Bombardino Crocodilo
27%
Father and Son streamers who are friends with the Costco Guys Los Pollos
27%
Sneaky _____ in the pocket Golem
26%
The Pioneer of Brainrot Quandale Dingle
26%
Part of the "those who know" series, a term used for southeastern Europeans who get angry Balkan Rage
25%
An African American youtuber who is known for playing 2K Duke Dennis
25%
"if you would just teach these kids instead of handing them a..." a freaking packet yo
24%
Spanish-speaking Dominican youtuber famous for yelling things in spanish Don Pollo
24%
Flavored whipped-cream chargers Galaxy Gas
24%
Intense eye contact from Germans German Stare
23%
Monkey-banana hybrid Chimpanzini Bananini
21%
Elephant-cactus hybrid Lirili Larila
21%
Living tree and probiscis monkey hybrid Brr Brr Patapim
19%
What did Unc exclaim on Jaden smith's podcast? BROOOOOOO
18%
Someone or something that is ridiculous or goofy goofy ahh
18%
Name of a famous rapper who went popular for his Anti Piracy screen stare King Von
17%
Ninja Coffee Cappuccino Assasino
15%
A nitrogen drug that kanye west wants Nitrus
15%
What did Jaden Smith say after Unc yelled? Can we talk about the political and economic state of the world?
14%
What is the next step of the operation Locked in Alien
11%
Who is John Porks best friend? Marvin Beak
11%
the mass unfollowing of the person before Vexbolts Mass Unfollowing
11%
The largeness of someone's upper body Big Back
10%
The singing chicken nugget Gegagedigedago
10%
If someone is chill with a signature haircut you would call them this: Nonchalant Dreadhead
10%
A Japanese youtuber who is famous for being the king of the place above Ohio Final Boss
10%
A word to describe a Reserved, modest, or shy woman Demure
7%
Simpson character who has red eyes and looks threatening Homer Uchiha
6%
Having a bunch of mangoes in your mouth Dark Mango Psychology
5%
Goose-plane hybrid Bombardini Goosini
2%
A whole lot of _________ Turbulence
2%
No matching quizzes found
Score Distribution
Percent of People with Each Score
Percentile by Number Answered
Your Score History
You have not taken this quiz since the last reset